000 01158nam a2200265Ia 4500
003 OSt
005 20220923211315.0
006 a|||||r|||| 00| 0
007 ta
008 220922b |||||||| |||| 00| 0 hin d
020 _a978818126727377 (hbk)
_c400
024 _a285,029
037 _bBR8587, 30/03/2015, Rajkamal Prakashan Pvt. Ltd
_cTextual
040 _aARTS
_cARTS
_bhin
041 _2hin
_ahin
082 _aO152,3N11,SH, J8;Q4.2
100 _aवात्स्यायन, सच्चिदानन्द हीरानन्द 'अज्ञेय', 'अज्ञेय'
_9160215
245 0 _aशेखर
_b एक जीवनी
246 _aShekhara: ek jīvanī
260 _aनयी दिल्ली
_b राजकमल प्रकाशन
_c2014
490 _vभाग 2
650 _aहिन्दी साहित्य
_9156264
942 _hO152,3N11,SH, J8;Q4.2
_cTEXL
_2CC
999 _c298327
_d298327